01897nas a2200241Ia 4500001001100000003001000011008004100021040002500062041001300087100003100100210001700131222001700148245006400165250001100229260005100240300001100291310001200302362003500314500058400349501011400933520058401047650002401631R235-R2456IT-CnALBA170116c99999999xx |||||||||||| ||und|| aIT-CnALBAcIT-CnALBA aITALIANO aFORNASARI D. EUGENIO, SSP. aMADRE DI DIO aMADRE DI DIO 0aMADRE DI DIO. N. I ANNO LXII GENNAIO 1994 MENSILE MARIANO.  a1a ed. aCINISELLO BALSAMO (MI)bEDIZIONI PAOLINEc1994 a32 p.  aMENSILE aFascicolo: 1 / Anno: 62 (1994) aINCONTRO MARIANO A LORETO. FRANCESCO CHIESA, PRETE DI MARIA. GIUSEPPE E MARIA, SPOSI MODELLO. DEVOZIONE MARIANA E RICERCA DI DIO. SGUARDO RIVOLTO A MARIA, VERSO IL SINODO DELLA VITA CONSACRATA. XXIX CONVEGNO RETTORI SANTUARI MARIANI. MARCUCCI D. RISVEGLIO MARIANO TRA I PROTESTANTI. SANTUARIO DI AGLONA, LETTONIA, RITORNO ALLA FEDE. MARIOLOGIA BREVE. LA FAMIGLIA CAMMINO D'AMORE, PROPOSTA PASTORALE DI LOURDES. ALANO DI LILLA, MARIA SPOSA E MADRE DEL VERBO. S. GREGORIO TAUMATURGO E MARIA. QUADRO DELLA MADONNA DI POMPEI. ANNA DE GUIGNE, UN ANGELO. FRATELLI E SORELLE DI GESÙ.  aSocietà San Paolo EM - Piazza San Paolo, 14 - 12051 ALBA (CN) (non commercial uses only) ® Copyright 2017 aINCONTRO MARIANO A LORETO. FRANCESCO CHIESA, PRETE DI MARIA. GIUSEPPE E MARIA, SPOSI MODELLO. DEVOZIONE MARIANA E RICERCA DI DIO. SGUARDO RIVOLTO A MARIA, VERSO IL SINODO DELLA VITA CONSACRATA. XXIX CONVEGNO RETTORI SANTUARI MARIANI. MARCUCCI D. RISVEGLIO MARIANO TRA I PROTESTANTI. SANTUARIO DI AGLONA, LETTONIA, RITORNO ALLA FEDE. MARIOLOGIA BREVE. LA FAMIGLIA CAMMINO D'AMORE, PROPOSTA PASTORALE DI LOURDES. ALANO DI LILLA, MARIA SPOSA E MADRE DEL VERBO. S. GREGORIO TAUMATURGO E MARIA. QUADRO DELLA MADONNA DI POMPEI. ANNA DE GUIGNE, UN ANGELO. FRATELLI E SORELLE DI GESÙ.  aANGELI SANTI DEMONI